000 00538ntaaa2200193 4500
003 01
005 20251027202230.0
008 0714s1973 ag 01
040 _aAR-BaBN
_bspa
_cAR-BaBN
_eaacr
_dRIC
082 _a268.1000 H68
245 _aPlanning christian education in the local church
250 _arev. ed.
260 _aJudson Press,
_cc1949, 1962
300 _a120 p
500 _aPlaneando la educación cristiana en la iglesia local
650 _aeducación cristiana
_9405
700 _aHoiland, Richard
_918498
942 _cBK
999 _c17172
_d17172